English Grammer (Record no. 530118)
[ view plain ]
| 000 -LEADER | |
|---|---|
| fixed length control field | 00193nam a2200097 4500 |
| 040 ## - CATALOGING SOURCE | |
| Transcribing agency | DLC |
| 082 ## - DEWEY DECIMAL CLASSIFICATION NUMBER | |
| Classification number | 482.2 |
| Author Mark | GRE |
| 100 ## - MAIN ENTRY--PERSONAL NAME | |
| Personal name | Greenbaum |
| 9 (RLIN) | 23465 |
| 245 ## - TITLE STATEMENT | |
| Title | English Grammer |
| 942 ## - ADDED ENTRY ELEMENTS (KOHA) | |
| Source of classification or shelving scheme | |
| Koha item type | Book |
| Withdrawn status | Lost status | Source of classification or shelving scheme | Damaged status | Not for loan | Permanent Location | Current Location | Date acquired | Total Checkouts | Full call number | Barcode | Date last seen | Date last checked out | Price effective from | Koha item type |
|---|---|---|---|---|---|---|---|---|---|---|---|---|---|---|
| School of Civil and Environmental Engineering (SCEE) | School of Civil and Environmental Engineering (SCEE) | 10/10/2019 | 3 | 482.2 GRE | NIT-8934 | 12/01/2022 | 07/18/2022 | 10/10/2019 | Book |
